000 01214naa a22003497a 4500
001 BR9402047
003 BR-BrBNA
005 20240918181203.0
007 ta
008 230509b bl.||||| |||| 00| 0 por d
040 _aBR-BrBNA
_bpor
_cBiblioteca Nacional de Agricultura
041 _a(Pt)
072 _aF60
_b1105
_b1108
_b1190
090 _aF60 BR9402047
100 1 _aRego, F.A.O.
100 1 _aAlves, R.E.
100 1 _aLima, E.D.P. de A.
100 1 _aLima, C.A. de A.
100 1 _aSilva, H.
100 1 _aSilva, A.Q. da
111 1 _a10. Congresso Brasileiro de Fruticultura
_cFortaleza, CE (Brazil)
_d1-6 Oct 1989
245 1 _aCaracterizacao fisica e quimica de diferentes frutos da familia Annonaceae
260 3 _aFortaleza, CE (Brasil):
_c1989.
500 _a10. Congresso Brasileiro de Fruticultura. Anais Fortaleza, CE (Brasil): 1989. p. 493-497 (BR9402047-AM)F60
650 _aGraviola
650 _aFruta de Conde
650 _aAraticum do Brejo
650 _aPropriedade Fisico-Quimica
773 0 _t10. Congresso Brasileiro de Fruticultura. Anais
_wF60 BR9402047
_gFortaleza, CE (Brasil), 1989. p. 493-497
909 _a202404
_bLucia
_c55
_dLucia Elande
942 _cAM
_2AGRIS
999 _c324022
_d324022